00445nam a22001937a 450000500170000001000110001702000100002803500110003803700160004904000120006508200110007710000190008824500390010726000450014627000120019130000210020365000170022465000100024120170124110128.0 a419146 c00.00 a419146 aCen Lib/Ret aDPLbEN aNbCAR aCarson, Robert aThe outsiders /cby Robert Carson  aTorontobLittle brown and company c1966 bToronto a478p. c19cm(Hb) a literature  aNovel